Statistiques concernant Une chaîne de pays #1

Cliquez ici pour prendre le quiz!

Statistiques générales

  • Ce quiz a été pris 99 fois
  • Le résultat moyen est 14 sur 20

Statistiques - réponses

Aide Pays % Correct
Composé par 50 étatsÉtats-Unis
97%
Situé sur la péninsule IbériqueEspagne
88%
Un pays himalayenNépal
88%
Autrefois connu comme la PerseIran
87%
Un archipel africain dans l'océan IndienSeychelles
82%
Un petit pays de la Corne de l'AfriqueDjibouti
78%
Indépendance de Sebie déclarée en 2008Kosovo
77%
Le pays de deux fleuves (le Tigre et l'Euphrate)Irak
77%
L'émeu est son oiseau nationalAustralie
74%
Autrefois connu comme CeylanSri Lanka
72%
Indépendant depuis 9 juillet 2011Soudan du Sud
69%
Le pays le plus peuplé d'AfriqueNigeria
69%
Le troisième plus petit pays du mondeNauru
62%
Les îles Galápagos y appartiennentÉquateur
62%
L'islam ibadite est sa religion officielleOman
61%
Une monarchie composée de quatre nations constitutivesRoyaume-Uni
54%
Une république communiste sans littoralLaos
52%
Il tâche de garder le région du Haut-KarabaghAzerbaïdjan
49%
La guerre du Donbass s'y dérouleUkraine
48%
Le second ( ? ) berceau de l'humanitéÉthiopie
46%

Distribution des résultats

Percentile by Number Answered

% des personnes avec chaque résultat

Votre développement - résultats

Vous n’avez pas pris ce quiz